Statistics for Clueless #11

Click here to take the quiz!

General Stats

  • This quiz has been taken 199 times
    (93 since last reset)
  • The average score is 86 of 274

Answer Stats

Word % Correct
I.]
100%
an
96%
a
96%
A
96%
an
96%
a
96%
The
92%
the
92%
the
92%
The
92%
THE
92%
be
79%
being
79%
be
79%
been
79%
of
75%
OF
75%
of
75%
and
73%
and
73%
In
71%
in
71%
In
71%
in
71%
to
69%
to
69%
no
67%
No
67%
no
67%
for
63%
for
63%
it
62%
shall
60%
shall
60%
shall,
60%
are
60%
on
58%
people.
56%
people.
56%
people
56%
not
56%
people
56%
not
56%
RIGHTS
52%
right
52%
free
52%
BILL
52%
right
52%
free
52%
rights,
52%
have
52%
thereof;
52%
V.]
50%
which
50%
nor
48%
wherein
48%
X.]
48%
IV.]
48%
where
48%
all
48%
nor
48%
or
48%
or
48%
IX.]
46%
VI.]
46%
at
46%
III.]
46%
II.]
46%
when
46%
bear
46%
VIII.]
44%
freedom
44%
VII.]
44%
Arms,
44%
speech
42%
State
40%
States
40%
States,
40%
State,
40%
States,
40%
person
40%
persons,
40%
persons
40%
with
40%
by
38%
by
38%
law
37%
law;
37%
law.
37%
time
37%
law,
37%
law,
37%
militia,
35%
United
35%
United
35%
trial,
35%
press;
35%
than
35%
trial
35%
court
35%
militia,
35%
Government
33%
peace,
33%
religion,
33%
but
31%
their
31%
make
31%
but
31%
[Amendment
31%
him;
31%
Constitution,
31%
[Amendment
31%
Constitution,
31%
life
29%
life,
29%
forces,
29%
any
29%
houses,
27%
war,
27%
war
27%
house,
27%
his
27%
assemble,
25%
Congress
25%
land
25%
jury
25%
jury,
25%
place
25%
jury
25%
liberty,
23%
others
23%
establishment
21%
petition
21%
powers
21%
exercise
21%
held
21%
well
21%
against
21%
without
21%
just
21%
against
21%
use,
21%
unreasonable
19%
abridging
19%
himself,
19%
prohibiting
19%
punishments
19%
seizures,
19%
rules
19%
public
19%
prohibited
19%
public
19%
except
19%
quartered
17%
redress
17%
reserved
17%
private
17%
respecting
17%
criminal
17%
criminal
17%
cruel
17%
respectively
17%
grievances.
17%
keep
17%
unusual
17%
case,
17%
cases
17%
searches
17%
Soldier
17%
danger;
17%
searched,
17%
deprived
17%
deny
17%
due
17%
crime,
15%
put
15%
property,
15%
tried
15%
property
15%
speedy
15%
cause
15%
certain
15%
committed,
15%
nature
15%
cause,
15%
required,
15%
peaceably
15%
preserved,
15%
inflicted.
15%
unless
15%
crime
15%
necessary
15%
seized.
13%
manner
13%
service
13%
security
13%
secure
13%
dollars,
13%
value
13%
imposed,
13%
jeopardy
13%
things
13%
issue,
13%
common
13%
exceed
13%
subject,
13%
warrants
13%
infringed.
13%
defence.
13%
fines
13%
upon
13%
consent
13%
excessive
13%
according
13%
Excessive
13%
Owner,
13%
witness
13%
witnesses
13%
process
13%
naval
13%
probable
13%
otherwise
13%
regulated
13%
retained
13%
informed
13%
controversy
13%
process
13%
answer
13%
bail
13%
accusation;
13%
taken
13%
twenty
13%
accused
13%
grand
12%
effects,
12%
violated,
12%
impartial
12%
enjoy
12%
indictment
12%
enumeration
12%
describing
12%
papers,
12%
presentment
12%
delegated
12%
prescribed
12%
disparage
12%
construed
12%
oath
12%
suits
12%
confronted
12%
favor,
12%
same
12%
obtaining
12%
capital,
12%
reexamined
10%
infamous
10%
offense,
10%
compulsory
10%
compensation.
10%
district
10%
fact
10%
previously
10%
actual
10%
compelled,
10%
affirmation,
10%
twice
10%
arising
10%
limb;
10%
Assistance
8%
particularly
8%
prosecutions
8%
Counsel
8%
supported
8%
ascertained
8%

Score Distribution

Percentile by Number Answered

Percent of People with Each Score

Your Score History

You have not taken this quiz since the last reset